<?xml version="1.0" encoding="UTF-8"?>
<record
    xmlns:xsi="http://www.w3.org/2001/XMLSchema-instance"
    xsi:schemaLocation="http://www.loc.gov/MARC21/slim http://www.loc.gov/standards/marcxml/schema/MARC21slim.xsd"
    xmlns="http://www.loc.gov/MARC21/slim">

  <leader>00630nam a22001817a 4500</leader>
  <controlfield tag="005">20240322125442.0</controlfield>
  <datafield tag="010" ind1=" " ind2=" ">
    <subfield code="a">ENG-139899</subfield>
  </datafield>
  <datafield tag="020" ind1=" " ind2=" ">
    <subfield code="a">9789391211578</subfield>
    <subfield code="c">1295.00</subfield>
  </datafield>
  <datafield tag="035" ind1=" " ind2=" ">
    <subfield code="a">EN-123431</subfield>
  </datafield>
  <datafield tag="037" ind1=" " ind2=" ">
    <subfield code="b">DBAD/PUB</subfield>
  </datafield>
  <datafield tag="082" ind1=" " ind2=" ">
    <subfield code="a">347.739</subfield>
  </datafield>
  <datafield tag="100" ind1=" " ind2=" ">
    <subfield code="a">Garg,Shashank</subfield>
    <subfield code="9">63872</subfield>
  </datafield>
  <datafield tag="245" ind1=" " ind2=" ">
    <subfield code="a">Arbitrator's Handbook/</subfield>
    <subfield code="b"> </subfield>
    <subfield code="c">by Shashank,Garg</subfield>
  </datafield>
  <datafield tag="260" ind1=" " ind2=" ">
    <subfield code="b">Lexis Nexis (P) . Ltd.</subfield>
    <subfield code="a"> Haryana</subfield>
  </datafield>
  <datafield tag="270" ind1=" " ind2=" ">
    <subfield code="a">14th floor, building No 10, Tower-B,DLF Cyber City , Phase-II </subfield>
    <subfield code="b"> Gurgaon, Haryana</subfield>
    <subfield code="e">122002</subfield>
    <subfield code="k">+91124774444</subfield>
    <subfield code="l">+911244774100</subfield>
    <subfield code="m">help.in@lexisnexis.com</subfield>
  </datafield>
  <datafield tag="300" ind1=" " ind2=" ">
    <subfield code="a">463p.</subfield>
    <subfield code="c">25cm(hb)</subfield>
    <subfield code="b">ill.</subfield>
  </datafield>
  <datafield tag="942" ind1=" " ind2=" ">
    <subfield code="2">ddc</subfield>
    <subfield code="c">EN</subfield>
    <subfield code="h">347.739</subfield>
    <subfield code="m"> GAR</subfield>
  </datafield>
  <datafield tag="999" ind1=" " ind2=" ">
    <subfield code="c">201728</subfield>
    <subfield code="d">201728</subfield>
  </datafield>
  <datafield tag="952" ind1=" " ind2=" ">
    <subfield code="0">0</subfield>
    <subfield code="1">0</subfield>
    <subfield code="4">0</subfield>
    <subfield code="7">0</subfield>
    <subfield code="8">NFIC</subfield>
    <subfield code="a">BN</subfield>
    <subfield code="b">BN</subfield>
    <subfield code="d">2024-03-22</subfield>
    <subfield code="e">DBAD</subfield>
    <subfield code="g">1295.00</subfield>
    <subfield code="l">0</subfield>
    <subfield code="o">347.739  GAR</subfield>
    <subfield code="p">EN-123431</subfield>
    <subfield code="r">2024-03-22 00:00:00</subfield>
    <subfield code="t">1</subfield>
    <subfield code="v">1295.00</subfield>
    <subfield code="w">2024-03-22</subfield>
    <subfield code="y">EN</subfield>
  </datafield>
</record>
